000 00283 a2200109 4500
020 _a9788194440031
100 _aSOUMYA KURIAN
_9119060
245 _aTEXTBOOK OF PEDIATRIC NURSING
250 _a2ND
260 _bEMMESS MEDICAL PUBLISHERS
_c2020
999 _c97428
_d97428
650 _aCHILD HEALTH NURSING
_9181697